[Event "Gibtelecom ChallWk2 6th"]
[Site "Gibraltar"]
[Date "2008.01.30"]
[Round "4.30"]
[White "Campeanu, Alin-Vivian"]
[Black "Mundaca Alvarez, Juan Carlos"]
[Result "1-0"]
[WhiteElo "1912"]
[BlackElo "2162"]
[PlyCount "70"]
[EventDate "2008.01.27"]
[EventType "swiss"]
[EventRounds "5"]
[EventCountry "GGB"]
[SourceTitle "BritBase"]
[Source "www.saund.co.uk"]
[SourceDate "2018.02.10"]
[SourceVersion "1"]
[SourceVersionDate "2018.02.10"]
[SourceQuality "1"]

1. e4 c5 2. Nc3 Nc6 3. f4 g6 4. Nf3 Bg7 5. Bc4 e6 6. f5 Ne5 7. Nxe5 Bxe5 8. O-O
Qh4 9. g3 Qh3 10. Qf3 Nf6 11. fxe6 fxe6 12. d3 Ng4 13. Qg2 Bd4+ 14. Kh1 Qh5 15.
Ne2 Ne3 16. Bxe3 Bxe3 17. Rf3 Bh6 18. Raf1 b6 19. Qf2 Bb7 20. Nc3 O-O-O 21. Kg1
Bg7 22. Qe1 d5 23. Bb3 Rhe8 24. Rf7 Bd4+ 25. Kg2 a6 26. a4 Qg5 27. Rxh7 Rf8 28.
Rff7 Rxf7 29. Rxf7 c4 30. Ba2 b5 31. axb5 axb5 32. Nxb5 dxe4 33. Bxc4 exd3+ 34.
Rxb7 Kxb7 35. Qe4+ Rd5 1-0

[Event "Gibtelecom ChallWk2 6th"]
[Site "Gibraltar"]
[Date "2008.01.30"]
[Round "4.31"]
[White "Reppen, Ellisiv"]
[Black "Wynarczyk, Raymond"]
[Result "1/2-1/2"]
[WhiteElo "1918"]
[BlackElo "2039"]
[PlyCount "108"]
[EventDate "2008.01.27"]
[EventType "swiss"]
[EventRounds "5"]
[EventCountry "GGB"]
[SourceTitle "BritBase"]
[Source "www.saund.co.uk"]
[SourceDate "2018.02.10"]
[SourceVersion "1"]
[SourceVersionDate "2018.02.10"]
[SourceQuality "1"]

1. e4 c5 2. Nf3 e6 3. d4 cxd4 4. Nxd4 Nf6 5. Nc3 d6 6. Be3 a6 7. Be2 Be7 8. O-O
O-O 9. f4 Nc6 10. f5 Nxd4 11. Bxd4 b5 12. fxe6 fxe6 13. e5 dxe5 14. Bxe5 b4 15.
Qxd8 Rxd8 16. Bf3 Ra7 17. Ne4 Rad7 18. Bg3 Nxe4 19. Bxe4 Bf6 20. Rab1 Bb7 21.
Bd3 Bc6 22. Rfe1 a5 23. Be5 Bd5 24. b3 Rf7 25. Rbd1 Bxe5 26. Rxe5 Rdf8 27. Rf1
Rxf1+ 28. Bxf1 Rf5 29. Re3 g6 30. Bd3 Rf4 31. g3 Rf8 32. Re1 Rf3 33. Be4 Bxe4
34. Rxe4 Kf7 35. Rc4 Kf6 36. Kg2 Rf5 37. c3 bxc3 38. Rxc3 h5 39. Rf3 g5 40. a3
Ke5 41. Rxf5+ exf5 42. Kf3 Kd4 43. b4 axb4 44. axb4 Kc4 45. h4 gxh4 46. gxh4
Kxb4 47. Kf4 Kc5 48. Kxf5 Kd6 49. Kg6 Ke7 50. Kxh5 Kf7 51. Kh6 Kg8 52. h5 Kh8
53. Kg6 Kg8 54. h6 Kh8 1/2-1/2

[Event "Gibtelecom ChallWk2 6th"]
[Site "Gibraltar"]
[Date "2008.01.30"]
[Round "4.32"]
[White "Bryn, Askild"]
[Black "Hassall, Mark Ian"]
[Result "1-0"]
[WhiteElo "1997"]
[BlackElo "1896"]
[PlyCount "61"]
[EventDate "2008.01.27"]
[EventType "swiss"]
[EventRounds "5"]
[EventCountry "GGB"]
[SourceTitle "BritBase"]
[Source "www.saund.co.uk"]
[SourceDate "2018.02.10"]
[SourceVersion "1"]
[SourceVersionDate "2018.02.10"]
[SourceQuality "1"]

1. e4 c5 2. Nc3 Nc6 3. f4 g6 4. Bc4 Bg7 5. Nf3 e6 6. f5 Nge7 7. fxe6 fxe6 8. d3
d5 9. exd5 exd5 10. Bb3 O-O 11. O-O Nd4 12. Nxd4 Bxd4+ 13. Kh1 Bg4 14. Rxf8+
Qxf8 15. Qe1 Bxc3 16. bxc3 Qf6 17. Ba3 b6 18. d4 Qd6 19. c4 Be6 20. cxd5 Bxd5
21. Rd1 Bxb3 22. dxc5 Qe6 23. axb3 Qxe1+ 24. Rxe1 Nc6 25. Rd1 b5 26. Rd6 Rc8
27. Rd7 a5 28. Bb2 a4 29. Rg7+ Kf8 30. Rxh7 Ne7 31. b4 1-0

[Event "Gibtelecom ChallWk2 6th"]
[Site "Gibraltar"]
[Date "2008.01.30"]
[Round "4.33"]
[White "Munz, Jostein"]
[Black "Skage, Oystein Aagedal"]
[Result "1/2-1/2"]
[WhiteElo "1861"]
[BlackElo "1919"]
[PlyCount "81"]
[EventDate "2008.01.27"]
[EventType "swiss"]
[EventRounds "5"]
[EventCountry "GGB"]
[SourceTitle "BritBase"]
[Source "www.saund.co.uk"]
[SourceDate "2018.02.10"]
[SourceVersion "1"]
[SourceVersionDate "2018.02.10"]
[SourceQuality "1"]

1. e4 c5 2. c3 Nf6 3. e5 Nd5 4. d4 cxd4 5. cxd4 Nc6 6. Nf3 d6 7. exd6 e6 8. Nc3
Bxd6 9. Bd3 O-O 10. Bd2 a6 11. Rc1 Nf4 12. Bf1 Nb4 13. Be3 Nbd5 14. Nxd5 Nxd5
15. Bc4 Nxe3 16. fxe3 b5 17. Bb3 Bb4+ 18. Kf2 Bb7 19. a3 Bd6 20. Re1 Bxf3 21.
Qxf3 Qh4+ 22. Ke2 Qxh2 23. Rh1 Qg3 24. Qe4 g6 25. Rh3 Qg5 26. Rch1 h5 27. Rf1
Kg7 28. Rc1 Rac8 29. Rhh1 b4 30. axb4 Qb5+ 31. Qd3 Bxb4 32. Qxb5 axb5 33. d5
exd5 34. Bxd5 Rcd8 35. Rhd1 Rfe8 36. Bc6 Rxd1 37. Rxd1 Rc8 38. Bxb5 Rc2+ 39.
Kf3 Rxb2 40. e4 Bc5 41. Bd3 1/2-1/2

[Event "Gibtelecom ChallWk2 6th"]
[Site "Gibraltar"]
[Date "2008.01.30"]
[Round "4.34"]
[White "Yarur Elsaca, Daniel"]
[Black "Blom, Martijn"]
[Result "0-1"]
[WhiteElo "1846"]
[BlackElo "1946"]
[PlyCount "78"]
[EventDate "2008.01.27"]
[EventType "swiss"]
[EventRounds "5"]
[EventCountry "GGB"]
[SourceTitle "BritBase"]
[Source "www.saund.co.uk"]
[SourceDate "2018.02.10"]
[SourceVersion "1"]
[SourceVersionDate "2018.02.10"]
[SourceQuality "1"]

1. e4 e6 2. d4 d5 3. e5 c5 4. c3 Nc6 5. Nf3 Bd7 6. Bd3 Qb6 7. Bc2 Rc8 8. O-O
cxd4 9. cxd4 Nb4 10. Na3 Nxc2 11. Nxc2 Ba4 12. b3 Bb5 13. Re1 Ne7 14. Ba3 Ng6
15. Bxf8 Nxf8 16. Ne3 Ng6 17. a4 Bd7 18. a5 Qb5 19. g3 O-O 20. h4 h6 21. h5 Ne7
22. g4 Rc3 23. Ra3 Qb4 24. Nc2 Rxc2 25. Qxc2 Qxa3 26. Qc7 Bc6 27. a6 bxa6 28.
g5 Qxb3 29. Qxe7 Qxf3 30. gxh6 Qg4+ 31. Kh2 Qxh5+ 32. Kg1 Qg6+ 33. Kh2 Qxh6+
34. Kg1 Qg6+ 35. Kh2 Qh5+ 36. Kg1 Qg4+ 37. Kh2 Qxd4 38. Re3 Qf4+ 39. Kg2 d4+
0-1

[Event "Gibtelecom ChallWk2 6th"]
[Site "Gibraltar"]
[Date "2008.01.31"]
[Round "5.7"]
[White "Molina, Antonio"]
[Black "Kozlov, Oleg"]
[Result "0-1"]
[WhiteElo "2189"]
[BlackElo "2144"]
[PlyCount "86"]
[EventDate "2008.01.27"]
[EventType "swiss"]
[EventRounds "5"]
[EventCountry "GGB"]
[SourceTitle "BritBase"]
[Source "www.saund.co.uk"]
[SourceDate "2018.02.10"]
[SourceVersion "1"]
[SourceVersionDate "2018.02.10"]
[SourceQuality "1"]

1. d4 d5 2. c4 e6 3. Nc3 Nf6 4. cxd5 exd5 5. Bg5 c6 6. Qc2 Nbd7 7. e3 Bd6 8.
Bd3 h6 9. Bh4 O-O 10. Nge2 Re8 11. h3 Be7 12. Bg3 a6 13. Bf4 c5 14. g4 c4 15.
Bf5 Nf8 16. g5 hxg5 17. Bxg5 b5 18. Bxc8 Rxc8 19. Bxf6 Bxf6 20. Qf5 Bh4 21. Kf1
Rc6 22. Nxd5 Rd6 23. e4 g6 24. Rg1 Rde6 25. f3 Bf6 26. Nxf6+ Rxf6 27. Qg4 Qa5
28. Nc3 b4 29. Nd5 Rd6 30. Qg5 Qb5 31. Kf2 c3 32. bxc3 bxc3 33. Rab1 Qd3 34.
Nf6+ Rxf6 35. Qxf6 Qd2+ 36. Kg3 Ne6 37. Rbd1 Qe2 38. Rge1 c2 39. Ra1 Qd2 40. d5
Ng7 41. Kg4 Qg2+ 42. Kh4 Nh5 43. Qd6 Kg7 0-1

[Event "Gibtelecom ChallWk2 6th"]
[Site "Gibraltar"]
[Date "2008.01.31"]
[Round "5.8"]
[White "Arnott, Jonathan W"]
[Black "Schmidt, Raul"]
[Result "1/2-1/2"]
[WhiteElo "2117"]
[BlackElo "2160"]
[PlyCount "184"]
[EventDate "2008.01.27"]
[EventType "swiss"]
[EventRounds "5"]
[EventCountry "GGB"]
[SourceTitle "BritBase"]
[Source "www.saund.co.uk"]
[SourceDate "2018.02.10"]
[SourceVersion "1"]
[SourceVersionDate "2018.02.10"]
[SourceQuality "1"]

1. f4 d5 2. Nf3 c5 3. e3 Nc6 4. b3 Nf6 5. Bb2 g6 6. Bb5 Bd7 7. O-O Bg7 8. Qe2
Rc8 9. d3 Qa5 10. Bxc6 Bxc6 11. Ne5 O-O 12. Nd2 Nd7 13. Nxc6 Rxc6 14. Bxg7 Kxg7
15. e4 dxe4 16. dxe4 Qc3 17. Nf3 c4 18. Rad1 Rc7 19. Nd4 a6 20. Rf3 Qa5 21. Rg3
Kh8 22. Rh3 Rfc8 23. Qf2 Nf8 24. f5 cxb3 25. axb3 Qe5 26. fxg6 fxg6 27. Rf3 Kg8
28. Rf1 Nd7 29. c4 Nf6 30. Ne2 Qc5 31. Nd4 Rd7 32. Ne6 Qe5 33. Nf4 Qd4 34. e5
Qxe5 35. Nd5 Rf8 36. Nxf6+ exf6 37. Rxf6 Rxf6 38. Qxf6 Qe3+ 39. Qf2 Rd3 40.
Qxe3 Rxe3 41. Rf3 Rxf3 42. gxf3 Kf7 43. Kf2 Kf6 44. Ke3 Ke5 45. f4+ Kf5 46. Kd4
Kxf4 47. Kc5 g5 48. Kb6 g4 49. Kxb7 h5 50. c5 h4 51. c6 g3 52. hxg3+ hxg3 53.
c7 g2 54. c8=Q g1=Q 55. Qc4+ Kf3 56. Kxa6 Qa1+ 57. Kb6 Qg1+ 58. Qc5 Qb1 59. b4
Qh7 60. b5 Qf7 61. Ka6 Qa2+ 62. Kb7 Kg2 63. Qc6+ Kh3 64. b6 Qf7+ 65. Qc7 Qd5+
66. Kb8 Qb5 67. b7 Kg2 68. Qd8 Qe5+ 69. Kc8 Qe6+ 70. Qd7 Qc4+ 71. Kd8 Qg8+ 72.
Kc7 Qg3+ 73. Kb6 Qe3+ 74. Kc7 Qg3+ 75. Qd6 Qg7+ 76. Kb8 Qg8+ 77. Ka7 Qa2+ 78.
Qa6 Qf2+ 79. Ka8 Qf3 80. Qa4 Qd5 81. Qb4 Qa2+ 82. Kb8 Qg8+ 83. Ka7 Qa2+ 84. Kb6
Qe6+ 85. Ka5 Qa2+ 86. Qa4 Qd2+ 87. Qb4 Qa2+ 88. Kb6 Qe6+ 89. Kc7 Qf7+ 90. Kb8
Qg8+ 91. Ka7 Qa2+ 92. Kb6 Qe6+ 1/2-1/2

[Event "Gibtelecom ChallWk2 6th"]
[Site "Gibraltar"]
[Date "2008.01.31"]
[Round "5.9"]
[White "Bigg, Andrew J"]
[Black "Fellousi, Abdelaziz"]
[Result "1-0"]
[WhiteElo "2231"]
[BlackElo "2110"]
[PlyCount "55"]
[EventDate "2008.01.27"]
[EventType "swiss"]
[EventRounds "5"]
[EventCountry "GGB"]
[SourceTitle "BritBase"]
[Source "www.saund.co.uk"]
[SourceDate "2018.02.10"]
[SourceVersion "1"]
[SourceVersionDate "2018.02.10"]
[SourceQuality "1"]

1. d4 d5 2. Nf3 Nf6 3. c4 c6 4. Nc3 a6 5. Bg5 Ne4 6. Bh4 Nxc3 7. bxc3 dxc4 8.
e4 b5 9. Qb1 Qa5 10. Qb2 Qa4 11. Be2 e6 12. a3 Nd7 13. O-O Rb8 14. Nd2 c5 15.
Bg3 Rb7 16. d5 exd5 17. exd5 Be7 18. Bd1 Qa5 19. Re1 Kd8 20. Bf3 Rb6 21. Ne4 f5
22. d6 fxe4 23. dxe7+ Ke8 24. Bxe4 Rf6 25. Rad1 b4 26. axb4 cxb4 27. cxb4 Qb6
28. Bh4 1-0

[Event "Gibtelecom ChallWk2 6th"]
[Site "Gibraltar"]
[Date "2008.01.31"]
[Round "5.10"]
[White "Havik, Victor"]
[Black "Erdelyi, Tamas"]
[Result "0-1"]
[WhiteElo "2072"]
[BlackElo "2186"]
[PlyCount "88"]
[EventDate "2008.01.27"]
[EventType "swiss"]
[EventRounds "5"]
[EventCountry "GGB"]
[SourceTitle "BritBase"]
[Source "www.saund.co.uk"]
[SourceDate "2018.02.10"]
[SourceVersion "1"]
[SourceVersionDate "2018.02.10"]
[SourceQuality "1"]

1. d4 Nf6 2. c4 c5 3. d5 b5 4. cxb5 a6 5. bxa6 g6 6. Nc3 Bxa6 7. g3 d6 8. Bg2
Nbd7 9. Nf3 Bg7 10. Rb1 Nb6 11. b3 Bc8 12. Nh4 h6 13. Qc2 Qd7 14. Bb2 O-O 15.
O-O Bb7 16. e4 Rfc8 17. Rfe1 c4 18. b4 Na4 19. Ba1 Nxc3 20. Bxc3 Qa4 21. Qd2
Qxa2 22. Rb2 Qa3 23. Re3 Ng4 24. Rf3 Qa1+ 25. Bf1 Nxh2 26. Kxh2 Qxf1 27. Qe2
Qxe2 28. Rxe2 Ra4 29. Rb2 Bxc3 30. Rxc3 Kg7 31. Ng2 f5 32. f3 fxe4 33. fxe4 Kf6
34. Ne3 Ba6 35. Ng4+ Kg5 36. Ne3 Rb8 37. Nc2 Kf6 38. Kg2 Kg5 39. Rf3 Bc8 40. b5
Rba8 41. b6 Ra2 42. Rxa2 Rxa2 43. Rc3 Ba6 44. Kf3 Rb2 0-1

[Event "Gibtelecom ChallWk2 6th"]
[Site "Gibraltar"]
[Date "2008.01.31"]
[Round "5.11"]
[White "Jap Tjoen San, Linda"]
[Black "Reppen, Sigmund"]
[Result "1/2-1/2"]
[WhiteElo "2174"]
[BlackElo "2061"]
[PlyCount "149"]
[EventDate "2008.01.27"]
[EventType "swiss"]
[EventRounds "5"]
[EventCountry "GGB"]
[SourceTitle "BritBase"]
[Source "www.saund.co.uk"]
[SourceDate "2018.02.10"]
[SourceVersion "1"]
[SourceVersionDate "2018.02.10"]
[SourceQuality "1"]

1. e4 e5 2. Nf3 Nc6 3. Bb5 a6 4. Ba4 Nf6 5. O-O Be7 6. Re1 b5 7. Bb3 d6 8. c3
O-O 9. h3 Na5 10. Bc2 c5 11. d4 Qc7 12. Nbd2 cxd4 13. cxd4 Nc6 14. Nb3 a5 15.
Be3 a4 16. Nbd2 Bd7 17. Rc1 Qb7 18. Qe2 Rfe8 19. Bd3 Rab8 20. dxe5 dxe5 21. Bc5
Nh5 22. g3 g6 23. Bxe7 Rxe7 24. Rc5 Nb4 25. Bb1 f6 26. Kh2 Ng7 27. a3 Na6 28.
Rcc1 Nc7 29. Bd3 Nge6 30. Nf1 Be8 31. Ne3 Kg7 32. Qd2 h5 33. Nc2 Rd7 34. Nb4
Nd4 35. Nxd4 Rxd4 36. Qc3 Ne6 37. f4 Rbd8 38. fxe5 fxe5 39. h4 g5 40. Re3 gxh4
41. gxh4 Nf4 42. Rg1+ Bg6 43. Qc5 Nxd3 44. Nxd3 Rxd3 45. Qxe5+ Kh7 46. Rxg6
Kxg6 47. Qg3+ Kh6 48. Rxd3 Rxd3 49. Qxd3 Qc7+ 50. Qg3 Qc2+ 51. Qg2 Qc7+ 52. Qg3
Qc2+ 53. Qg2 Qc7+ 54. Qg3 Qc2+ 55. Kh3 Qxb2 56. Qg5+ Kh7 57. Qxh5+ Kg7 58. Qg5+
Kh7 59. Qf5+ Kg7 60. e5 Qxa3+ 61. Kg4 Qe7 62. e6 a3 63. Qe5+ Kg8 64. Qd5 Kg7
65. h5 Kh6 66. Qd2+ Kg7 67. Qd4+ Kh7 68. Qd3+ Kh8 69. Qd4+ Kh7 70. Qd7 Qg7+ 71.
Qxg7+ Kxg7 72. h6+ Kxh6 73. e7 a2 74. e8=Q a1=Q 75. Qxb5 1/2-1/2

[Event "Gibtelecom ChallWk2 6th"]
[Site "Gibraltar"]
[Date "2008.01.31"]
[Round "5.12"]
[White "Schmidt, Jens Uwe"]
[Black "Vea, Odin Blikra"]
[Result "0-1"]
[WhiteElo "2092"]
[BlackElo "2168"]
[PlyCount "94"]
[EventDate "2008.01.27"]
[EventType "swiss"]
[EventRounds "5"]
[EventCountry "GGB"]
[SourceTitle "BritBase"]
[Source "www.saund.co.uk"]
[SourceDate "2018.02.10"]
[SourceVersion "1"]
[SourceVersionDate "2018.02.10"]
[SourceQuality "1"]

1. e4 e5 2. Nf3 d5 3. d4 dxe4 4. Nxe5 Bd6 5. Nc4 Nf6 6. Be2 Nc6 7. c3 Be6 8.
Bg5 Be7 9. Nbd2 Nd5 10. Bxe7 Qxe7 11. Qa4 O-O 12. O-O-O Nf4 13. Bf1 g6 14. Ne3
b5 15. Qc2 f5 16. Nb3 Nd5 17. Nc5 Kh8 18. Re1 b4 19. Qa4 Nxe3 20. fxe3 Bd7 21.
c4 f4 22. Nxd7 Qxd7 23. d5 Ne5 24. Qxd7 Nxd7 25. exf4 Nc5 26. g3 g5 27. fxg5
Rf2 28. Re3 Raf8 29. Be2 Kg7 30. h4 Rg2 31. Bf1 Rgf2 32. Be2 Kg6 33. Rd1 Rd8
34. Rd4 Kf5 35. Rd1 Ke5 36. Bg4 Kd6 37. Be2 Rdf8 38. Rh1 R8f7 39. Kb1 Rg2 40.
Bf1 Rd2 41. Be2 Rf2 42. h5 Ke5 43. g6 Kf6 44. gxh7 Kg7 45. Re1 Nd3 46. Bxd3
Rxb2+ 47. Kc1 exd3 0-1

[Event "Gibtelecom ChallWk2 6th"]
[Site "Gibraltar"]
[Date "2008.01.31"]
[Round "5.13"]
[White "Arvola, Benjamin"]
[Black "Ungureanu, Sandu"]
[Result "0-1"]
[WhiteElo "2062"]
[BlackElo "2137"]
[PlyCount "62"]
[EventDate "2008.01.27"]
[EventType "swiss"]
[EventRounds "5"]
[EventCountry "GGB"]
[SourceTitle "BritBase"]
[Source "www.saund.co.uk"]
[SourceDate "2018.02.10"]
[SourceVersion "1"]
[SourceVersionDate "2018.02.10"]
[SourceQuality "1"]

1. e4 c5 2. Nf3 d6 3. d4 cxd4 4. Nxd4 Nf6 5. Nc3 g6 6. f4 Nc6 7. Be2 Qb6 8.
Nxc6 bxc6 9. Qd3 Bg4 10. Bxg4 Nxg4 11. Qf3 Nf6 12. e5 Nd7 13. exd6 exd6 14. Be3
Qa6 15. Bd4 Rg8 16. Kf2 O-O-O 17. b4 Qc4 18. Rhd1 d5 19. a3 Bd6 20. Ne2 Rde8
21. Bxa7 Re4 22. Rd4 Qa6 23. Rxe4 dxe4 24. Qe3 Nf6 25. Qd4 Ng4+ 26. Ke1 Rd8 27.
Bc5 Be5 28. Qxd8+ Kxd8 29. fxe5 Qc4 30. Rd1+ Ke8 31. Bd6 Ne3 0-1

[Event "Gibtelecom ChallWk2 6th"]
[Site "Gibraltar"]
[Date "2008.01.31"]
[Round "5.14"]
[White "Kvisla, Johannes Luangtep"]
[Black "Foisor, Veronica"]
[Result "1-0"]
[WhiteElo "2130"]
[BlackElo "2043"]
[PlyCount "75"]
[EventDate "2008.01.27"]
[EventType "swiss"]
[EventRounds "5"]
[EventCountry "GGB"]
[SourceTitle "BritBase"]
[Source "www.saund.co.uk"]
[SourceDate "2018.02.10"]
[SourceVersion "1"]
[SourceVersionDate "2018.02.10"]
[SourceQuality "1"]

1. Nf3 c5 2. c4 g6 3. d4 cxd4 4. Nxd4 Bg7 5. e4 Nc6 6. Nc2 d6 7. Be2 Nf6 8. Nc3
Nd7 9. Bd2 b6 10. O-O O-O 11. Qc1 Re8 12. Bh6 Bxc3 13. bxc3 Nc5 14. Qe3 Bb7 15.
Rad1 Qc7 16. f3 Na5 17. Nd4 Rac8 18. Nb5 Qb8 19. Qf2 Ne6 20. Nd4 Ng7 21. Nf5
Nxf5 22. exf5 Qc7 23. Rd4 Qc5 24. fxg6 fxg6 25. Be3 e5 26. Rg4 Qc7 27. Bd3 Qf7
28. Qh4 Rc7 29. Bh6 Ba6 30. Qh5 Re6 31. Qh4 Re8 32. f4 e4 33. f5 Qe7 34. Bg5
Qe5 35. Bf6 Qc5+ 36. Bd4 exd3 37. Bxc5 dxc5 38. fxg6 1-0

[Event "Gibtelecom ChallWk2 6th"]
[Site "Gibraltar"]
[Date "2008.01.31"]
[Round "5.15"]
[White "Rosberg, Simon"]
[Black "Hansen, Pal Andreas"]
[Result "1-0"]
[WhiteElo "2246"]
[BlackElo "2108"]
[PlyCount "73"]
[EventDate "2008.01.27"]
[EventType "swiss"]
[EventRounds "5"]
[EventCountry "GGB"]
[SourceTitle "BritBase"]
[Source "www.saund.co.uk"]
[SourceDate "2018.02.10"]
[SourceVersion "1"]
[SourceVersionDate "2018.02.10"]
[SourceQuality "1"]

1. d4 Nf6 2. c4 e6 3. Nf3 Bb4+ 4. Nbd2 Ne4 5. g3 O-O 6. Bg2 f5 7. O-O d5 8. Ne5
c6 9. Ndf3 Nd7 10. Nd3 Bd6 11. Bf4 Be7 12. c5 g5 13. Bd2 Bf6 14. b4 Qe7 15. Qc2
Qg7 16. Bc3 b6 17. Nfe5 Bxe5 18. Nxe5 Nxe5 19. dxe5 Ba6 20. Bd4 bxc5 21. bxc5
g4 22. Rab1 Rab8 23. Rfe1 Qc7 24. f3 gxf3 25. exf3 Ng5 26. Qd2 Nf7 27. g4 Rxb1
28. Rxb1 fxg4 29. fxg4 Nxe5 30. Re1 Ng6 31. Rxe6 Bc8 32. Rd6 Bxg4 33. Qg5 Bf5
34. Bh3 Qa5 35. Bxf5 Qe1+ 36. Kg2 Qe2+ 37. Bf2 1-0

[Event "Gibtelecom ChallWk2 6th"]
[Site "Gibraltar"]
[Date "2008.01.31"]
[Round "5.16"]
[White "Lovik, Lasse Ostebo"]
[Black "Lyell, Mark"]
[Result "0-1"]
[WhiteElo "2052"]
[BlackElo "2221"]
[PlyCount "40"]
[EventDate "2008.01.27"]
[EventType "swiss"]
[EventRounds "5"]
[EventCountry "GGB"]
[SourceTitle "BritBase"]
[Source "www.saund.co.uk"]
[SourceDate "2018.02.10"]
[SourceVersion "1"]
[SourceVersionDate "2018.02.10"]
[SourceQuality "1"]

1. e4 e5 2. Nf3 Nc6 3. Bb5 f5 4. d4 fxe4 5. Nxe5 Nxe5 6. dxe5 c6 7. Be2 Qa5+ 8.
Bd2 Qxe5 9. Bc3 Qg5 10. O-O Nf6 11. f3 Bc5+ 12. Bd4 exf3 13. Bxf3 O-O 14. Nc3
Bxd4+ 15. Qxd4 d5 16. Rae1 Bg4 17. Re7 Bxf3 18. Rxf3 Ne4 19. Rxf8+ Rxf8 20.
Rxb7 Nxc3 0-1

[Event "Gibtelecom ChallWk2 6th"]
[Site "Gibraltar"]
[Date "2008.01.31"]
[Round "5.17"]
[White "Vasvari, Tamas"]
[Black "Lindsoe, Fredrik Aunan"]
[Result "0-1"]
[WhiteElo "2174"]
[BlackElo "2001"]
[PlyCount "108"]
[EventDate "2008.01.27"]
[EventType "swiss"]
[EventRounds "5"]
[EventCountry "GGB"]
[SourceTitle "BritBase"]
[Source "www.saund.co.uk"]
[SourceDate "2018.02.10"]
[SourceVersion "1"]
[SourceVersionDate "2018.02.10"]
[SourceQuality "1"]

1. e4 c5 2. Nf3 Nc6 3. d4 cxd4 4. Nxd4 Nf6 5. Nc3 e5 6. Ndb5 d6 7. Bg5 a6 8.
Na3 b5 9. Bxf6 gxf6 10. Nd5 Bg7 11. c3 f5 12. exf5 Bxf5 13. Qf3 Be6 14. Nf4
exf4 15. Qxc6+ Kf8 16. Nc2 Be5 17. Bd3 Kg7 18. O-O Qg5 19. Ne1 Rhc8 20. Qe4 f5
21. Qb7+ Kf6 22. Nf3 Qg6 23. Nd4 Rab8 24. Qf3 Bd7 25. g3 a5 26. Kh1 Rc5 27. Qe2
Qh6 28. Rae1 b4 29. Qd2 Qh3 30. f3 fxg3 31. Nb3 bxc3 32. Qg2 Qxg2+ 33. Kxg2
Rxb3 34. axb3 gxh2 35. f4 Bd4 36. bxc3 Rxc3 37. Bc4 Bg1 38. Bd5 Rd3 39. Ba8
Rxb3 40. Rd1 Rb2+ 41. Kg3 Bc5 42. Rb1 Rc2 43. Rbc1 Rxc1 44. Rxc1 Bg1 45. Kg2
Ke7 46. Re1+ Kd8 47. Ra1 a4 48. Bf3 Kc7 49. Rd1 Be3 50. Kg3 a3 51. Ra1 Bc5 52.
Kxh2 Be6 53. Bd1 a2 54. Rc1 Kb6 0-1

[Event "Gibtelecom ChallWk2 6th"]
[Site "Gibraltar"]
[Date "2008.01.31"]
[Round "5.18"]
[White "Whitfield, Craig M"]
[Black "Severijnen, Arjon"]
[Result "0-1"]
[WhiteElo "1728"]
[BlackElo "2158"]
[PlyCount "94"]
[EventDate "2008.01.27"]
[EventType "swiss"]
[EventRounds "5"]
[EventCountry "GGB"]
[SourceTitle "BritBase"]
[Source "www.saund.co.uk"]
[SourceDate "2018.02.10"]
[SourceVersion "1"]
[SourceVersionDate "2018.02.10"]
[SourceQuality "1"]

1. d4 Nf6 2. Nf3 g6 3. e3 Bg7 4. Bd3 d6 5. b3 O-O 6. Bb2 c6 7. O-O Bg4 8. Nbd2
Nbd7 9. h3 Bxf3 10. Qxf3 e5 11. g4 Re8 12. Qg3 e4 13. Be2 d5 14. g5 Nh5 15.
Bxh5 gxh5 16. f4 f5 17. Qh4 Qa5 18. Rf2 c5 19. c3 cxd4 20. cxd4 Nc5 21. Nf1 Nd3
22. Rg2 Rac8 23. Qxh5 Ne1 24. Re2 Nf3+ 25. Kf2 Re6 26. Ng3 Rf8 27. Nxf5 Qc7 28.
Rc1 Qd8 29. Nxg7 Kxg7 30. h4 Qd7 31. Rec2 Rc6 32. Rxc6 bxc6 33. Qh6+ Kg8 34.
Rxc6 Rc8 35. Rxc8+ Qxc8 36. Ba3 Nh2 37. Qf8+ Qxf8 38. Bxf8 Kxf8 39. Kg3 Nf1+
40. Kf2 Nd2 41. b4 Kf7 42. h5 Nc4 43. a4 Nb2 44. a5 Nd3+ 45. Kg3 Nxb4 46. f5
Nc6 47. Kf4 a6 0-1

[Event "Gibtelecom ChallWk2 6th"]
[Site "Gibraltar"]
[Date "2008.01.31"]
[Round "5.19"]
[White "Jameson, David"]
[Black "Morris-Hill, Ray"]
[Result "1-0"]
[WhiteElo "2033"]
[BlackElo "2129"]
[PlyCount "86"]
[EventDate "2008.01.27"]
[EventType "swiss"]
[EventRounds "5"]
[EventCountry "GGB"]
[SourceTitle "BritBase"]
[Source "www.saund.co.uk"]
[SourceDate "2018.02.10"]
[SourceVersion "1"]
[SourceVersionDate "2018.02.10"]
[SourceQuality "1"]

1. e4 c5 2. Nf3 Nc6 3. Nc3 e5 4. Nd5 Nf6 5. Bc4 Be7 6. d3 O-O 7. h3 d6 8. c3
Rb8 9. a4 a6 10. Nxe7+ Qxe7 11. O-O Be6 12. Re1 b5 13. axb5 axb5 14. Bxe6 fxe6
15. Bg5 Qd7 16. Qb3 Rfc8 17. Ra6 c4 18. Qc2 Qb7 19. Rea1 Qd7 20. Qe2 Ne8 21.
R6a2 cxd3 22. Qxd3 b4 23. c4 Qc7 24. b3 Nd8 25. Ra7 Nb7 26. Be3 Nc5 27. Qe2 Qc6
28. Bxc5 Qxc5 29. Ng5 Nc7 30. Qh5 h6 31. Qf7+ Kh8 32. Nxe6 Nxe6 33. Qxe6 Rf8
34. R7a2 Rf6 35. Qd5 Qb6 36. Rd1 Rbf8 37. Rdd2 Rf4 38. Qxd6 Qxd6 39. Rxd6 Rxe4
40. Rb6 Rd4 41. Rxb4 Rd1+ 42. Kh2 e4 43. Re2 Rf1 1-0

[Event "Gibtelecom ChallWk2 6th"]
[Site "Gibraltar"]
[Date "2008.01.31"]
[Round "5.20"]
[White "Gasik, Piotr"]
[Black "Revesz, Kinga"]
[Result "0-1"]
[WhiteElo "2103"]
[BlackElo "2026"]
[PlyCount "86"]
[EventDate "2008.01.27"]
[EventType "swiss"]
[EventRounds "5"]
[EventCountry "GGB"]
[SourceTitle "BritBase"]
[Source "www.saund.co.uk"]
[SourceDate "2018.02.10"]
[SourceVersion "1"]
[SourceVersionDate "2018.02.10"]
[SourceQuality "1"]

1. c4 e5 2. Nc3 Nc6 3. g3 d6 4. Bg2 g6 5. e3 Bg7 6. Nge2 Be6 7. b3 Qd7 8. h3 f5
9. d4 Bf7 10. d5 Nce7 11. e4 Nf6 12. f3 h6 13. Be3 O-O 14. Qc2 a6 15. O-O g5
16. g4 f4 17. Bf2 h5 18. c5 Bg6 19. cxd6 cxd6 20. Qd3 b5 21. b4 hxg4 22. hxg4
Nxg4 23. fxg4 Qxg4 24. Qf3 Bh5 25. Be1 Qxf3 26. Bxf3 g4 27. Bh1 Ng6 28. a4 bxa4
29. Rxa4 Bf6 30. Bf2 f3 31. Ng3 Nf4 32. Rfa1 Bh4 33. Rxa6 Rac8 34. Rc6 Nh3+ 35.
Kf1 Nxf2 36. Kxf2 Ra8 37. Rc1 Ra3 38. b5 Rb3 39. Nd1 Bxg3+ 40. Kxg3 f2+ 41. Nc3
f1=Q 42. Rxf1 Rxf1 43. Bg2 Rc1 0-1

[Event "Gibtelecom ChallWk2 6th"]
[Site "Gibraltar"]
[Date "2008.01.31"]
[Round "5.21"]
[White "Georgieva, Emilia"]
[Black "Schmidt, Ralf"]
[Result "0-1"]
[WhiteElo "1985"]
[BlackElo "2195"]
[PlyCount "70"]
[EventDate "2008.01.27"]
[EventType "swiss"]
[EventRounds "5"]
[EventCountry "GGB"]
[SourceTitle "BritBase"]
[Source "www.saund.co.uk"]
[SourceDate "2018.02.10"]
[SourceVersion "1"]
[SourceVersionDate "2018.02.10"]
[SourceQuality "1"]

1. d4 Nf6 2. Nf3 g6 3. c3 Bg7 4. Bf4 d6 5. e3 O-O 6. Bd3 Nbd7 7. Nbd2 Re8 8.
Qc2 e5 9. dxe5 dxe5 10. Bg5 Nc5 11. Bc4 Bf5 12. e4 Ncxe4 13. Nxe4 Bxe4 14. Qb3
Qe7 15. O-O h6 16. Bh4 g5 17. Bg3 Nh5 18. Rae1 Nxg3 19. fxg3 Bg6 20. Rf2 c6 21.
a4 Kh8 22. h4 f5 23. hxg5 hxg5 24. Nd4 f4 25. gxf4 gxf4 26. Rf3 Bh6 27. Rh3 Kh7
28. Ne6 Bf5 29. Rxe5 Bxh3 30. Qc2+ Kh8 31. gxh3 Qh4 32. Qf5 Rg8+ 33. Kf1 Rg3
34. Re2 Rf3+ 35. Kg1 Rg8+ 0-1